| 000 | 00795nam a2200301 a 4500 | ||
|---|---|---|---|
| 003 | AR-BaBNM | ||
| 005 | 20251128203414.0 | ||
| 008 | 082120s2002 ||||||||||||||000 | spa|| | ||
| 020 | _a950-537-045-8 | ||
| 040 | _cAR-BaBNM | ||
| 100 | 1 | _aBiasca, Rodolfo Eduardo | |
| 245 | 0 | 0 |
_aProductividad _bun enfoque integral del tema |
| 260 |
_aBuenos Aires _bMacchi _c1984 |
||
| 300 |
_a728 p. _bgráfs., tablas |
||
| 504 | _aBibliografía para consultar p. 699-725 | ||
| 650 | 4 | _aECONOMIA INDUSTRIAL | |
| 650 | 4 | _aTRABAJO | |
| 650 | 4 | _aESTADISTICA | |
| 650 | 4 | _aECONOMIA | |
| 650 | 4 | _aTRABAJO | |
| 650 | 4 | _aCAPITALISMO | |
| 650 | 4 | _aECONOMIA DEL TRABAJO | |
| 650 | 4 | _aPRODUCTIVIDAD DEL TRABAJO | |
| 650 | 4 | _aMERCADO DE TRABAJO | |
| 650 | 4 | _aEMPLEO | |
| 942 | _cBK | ||
| 998 | _cmariana | ||
| 999 |
_c3240 _d3240 |
||